Electricity : (Record no. 11029)

MARC details
000 -LEADER
fixed length control field 00711pam a2200253 a 4500
001 - CONTROL NUMBER
control field 3312933
003 - CONTROL NUMBER IDENTIFIER
control field OSt
005 - DATE AND TIME OF LATEST TRANSACTION
control field 20211009105058.0
008 - FIXED-LENGTH DATA ELEMENTS--GENERAL INFORMATION
fixed length control field 840130s1984 nyua 001 0 eng
010 ## - LIBRARY OF CONGRESS CONTROL NUMBER
LC control number 84000856
020 ## - INTERNATIONAL STANDARD BOOK NUMBER
International Standard Book Number 0070217076
040 ## - CATALOGING SOURCE
Original cataloging agency DLC
Transcribing agency HU
Modifying agency DLC
050 00 - LIBRARY OF CONGRESS CALL NUMBER
Classification number QC523
Item number .F75 1984
082 00 - DEWEY DECIMAL CLASSIFICATION NUMBER
Classification number 537
Edition number 19
100 1# - MAIN ENTRY--PERSONAL NAME
Personal name Fowler, Richard J.
9 (RLIN) 11859
245 10 - TITLE STATEMENT
Title Electricity :
Remainder of title principles and applications /
Statement of responsibility, etc. Richard J. Fowler.
250 ## - EDITION STATEMENT
Edition statement 2nd ed.
260 ## - PUBLICATION, DISTRIBUTION, ETC.
Place of publication, distribution, etc. New York :
Name of publisher, distributor, etc. McGraw-Hill,
Date of publication, distribution, etc. c1984.
300 ## - PHYSICAL DESCRIPTION
Extent xi, 336 p. :
Other physical details ill. ;
Dimensions 29 cm.
500 ## - GENERAL NOTE
General note Includes index.
650 #0 - SUBJECT ADDED ENTRY--TOPICAL TERM
Topical term or geographic name entry element Electricity.
9 (RLIN) 11860
906 ## - LOCAL DATA ELEMENT F, LDF (RLIN)
a 7
b cbc
c orignew
d 1
e ocip
f 19
g y-gencatlg
942 ## - ADDED ENTRY ELEMENTS (KOHA)
Source of classification or shelving scheme Dewey Decimal Classification
Koha item type Books like text book referance book
Suppress in OPAC No
Holdings
Withdrawn status Lost status Source of classification or shelving scheme Damaged status Not for loan Collection code Home library Current library Shelving location Date acquired Total Checkouts Full call number Barcode Date last seen Copy number Price effective from Koha item type
    Dewey Decimal Classification     Non-fiction Wondo Genet Library Wondo Genet Library General Stacks 10/09/2021   537 FOW 1984 WGCFNRL00003746 10/09/2021 1 10/09/2021 Books like text book referance book
    Dewey Decimal Classification     Non-fiction Wondo Genet Library Wondo Genet Library General Stacks 10/09/2021   537 FOW 1984 WGCFNRL00003747 10/09/2021 2 10/09/2021 Books like text book referance book
    Dewey Decimal Classification     Non-fiction Wondo Genet Library Wondo Genet Library General Stacks 10/09/2021   537 FOW 1984 WGCFNRL00003748 10/09/2021 3 10/09/2021 Books like text book referance book
    Dewey Decimal Classification     Non-fiction Wondo Genet Library Wondo Genet Library General Stacks 10/09/2021   537 FOW 1984 WGCFNRL00003749 10/09/2021 4 10/09/2021 Books like text book referance book
    Dewey Decimal Classification     Non-fiction Wondo Genet Library Wondo Genet Library General Stacks 10/09/2021   537 FOW 1984 WGCFNRL00003750 10/09/2021 5 10/09/2021 Books like text book referance book
    Dewey Decimal Classification     Non-fiction Wondo Genet Library Wondo Genet Library General Stacks 10/09/2021   537 FOW 1984 WGCFNRL00003751 10/09/2021 6 10/09/2021 Books like text book referance book
    Dewey Decimal Classification     Non-fiction Wondo Genet Library Wondo Genet Library General Stacks 10/09/2021   537 FOW 1984 WGCFNRL00003752 10/09/2021 7 10/09/2021 Books like text book referance book
    Dewey Decimal Classification     Non-fiction Wondo Genet Library Wondo Genet Library General Stacks 10/28/2021   537 FOW 1984 WGCFNRL00006236 10/28/2021 8 10/28/2021 Books like text book referance book
    Dewey Decimal Classification     Non-fiction Wondo Genet Library Wondo Genet Library General Stacks 10/28/2021   537 FOW 1984 WGCFNRL00006237 10/28/2021 9 10/28/2021 Books like text book referance book